000 01741nam a22004215a 4500
003 EG-ScBUE
005 20220911120454.0
006 m||||fq||h 00| 0
008 170201s2015 cc a f 000 0 eng d
020 _a9787503876622 (v. 1)
020 _a9787503876639 (v. 2)
020 _a9787503876646 (v. 3)
020 _a9787503876653 (v. 4)
020 _a9787900291271 (CD with Book)
040 _aEG-ScBUE
_beng
_erda
_cEG-ScBUE
_dEG-ScBUE
082 0 4 _a720.2840285
_bFAN
_222
100 1 _aFan, Siliang,
_eauthor.
240 1 0 _a建筑细部CAD施工图集.
_lEnglish
245 1 0 _aArchitectural detail CAD construction Atlas /
_cSiliang Fan, Jiali Yang, Yuejun Li.
264 1 _aBeijing :
_bZGLYCBS,
_c2015.
300 _a4 volumes :
_billustrations ;
_c29 cm +
_e1 CD
336 _2rdacontent
_atext
_btxt
336 _2rdacontent
_asounds
_bsnd
337 _2rdamedia
_aunmediated
_bn
337 _2rdamedia
_aaudio
_bs
338 _2rdacarrier
_avolume
_bnc
338 _2rdacarrier
_acomputer disc
_bcd
505 0 _av. 1. Staircase building construction -- v. 2. Doors, Windows Skylights and European Components -- v. 3. Glass curtain wall, wall structure, balcony Yupeng and waterproof practices -- v. 4. Steel beam node structure detail, steel column node structure detail, steel platform node detail, component production node detail and steel frame node detail.
650 7 _aArchitectural drawing
_xComputer-aided design.
_2BUEsh
_925994
650 7 _aArchitecture
_xDetails.
_2BUEsh
_926368
650 7 _aArchitectural design.
_2BUEsh
651 _2BUEsh
653 _bENGARC
_cFebruary2017
655 _vReading book
_934232
700 1 _aYang, Jiali,
_eauthor.
700 1 _aLi, Yuejun,
_eauthor.
942 _2ddc
_cBB
999 _c24067
_d24039